000 00314nam a22001337a 4500
008 170508b xxu||||| |||| 00| 0 eng d
020 _a9780761908524
041 _aeng
080 _a34
100 _a15
101 _aSHJ
245 _aRURAL WOMAN BATTERING AND THE JUSTICE SYSTEM
_cWEBSDALE, N
942 _2udc
_cBK
999 _c12942
_d12942